000 00496nam a2200181Ia 4500
005 20250326124217.0
008 250326s9999 xx 000 0 und d
037 _aTextbook
040 _aFMSL
_beng
_cFMSL
041 _aeng
_2eng
084 _aX:51.1 M0
_qFMSL
100 _aThorelli H
_9736994
245 0 _aInternational marketing strategy
_cThorelli H; Becker H
260 _aNY
_bNY, Pergamon
_c1980
300 _a423p
942 _cTB
_hX:51.1 M0
999 _c1272758
_d1272758